| 000 | 01214nmm a2200457 a 4500 | ||
|---|---|---|---|
| 003 | AR-BaBNM | ||
| 005 | 20251128203411.0 | ||
| 008 | 197019s1955 ||||||||||||||000 | spa|| | ||
| 040 | _cAR-BaBNM | ||
| 100 | 1 |
_aCutolo, Vicente Osvaldo _d1922-2005 |
|
| 245 | 1 | 0 | _aIntroducción al estudio del derecho |
| 260 |
_aBuenos Aires _bPerrot _c1955 |
||
| 300 | 0 | _a512 p. | |
| 500 | 0 | _aIndice bibliográfico p. 7-9 | |
| 500 | 0 | _aIndice de materias p. 11-15 | |
| 650 | 4 | _aDERECHO | |
| 650 | 4 | _aHISTORIA DEL DERECHO | |
| 650 | 4 | _aJUSTICIA | |
| 650 | 4 | _aJURISPRUDENCIA | |
| 650 | 4 | _aDERECHO PUBLICO | |
| 650 | 4 | _aDERECHO CONSTITUCIONAL | |
| 650 | 4 | _aDERECHO ADMINISTRATIVO | |
| 650 | 4 | _aDERECHO PENAL | |
| 650 | 4 | _aDERECHO MILITAR | |
| 650 | 4 | _aDERECHO COMERCIAL | |
| 650 | 4 | _aDERECHO ECLESIASTICO | |
| 650 | 4 | _aDERECHO INTERNACIONAL | |
| 650 | 4 | _aDERECHO CIVIL | |
| 650 | 4 | _aOBLIGACIONES | |
| 650 | 4 | _aCONTRATOS | |
| 650 | 4 | _aFAMILIA | |
| 650 | 4 | _aLEGISLACION DE MINAS | |
| 650 | 4 | _aLEGISLACION | |
| 650 | 4 | _aCODIGOS | |
| 650 | 4 | _aDERECHO CONSUETUDINARIO | |
| 650 | 4 | _aJURISPRUDENCIA | |
| 650 | 4 | _aLEGISLACION ARGENTINA | |
| 650 | 4 | _aSUCESIONES | |
| 942 | _cBK | ||
| 998 | _cAndrea | ||
| 999 |
_c3216 _d3216 |
||